|
|
|
|
| LEADER |
00000nam a2200000 a 4500 |
| 001 |
1/126830 |
| 008 |
230608s2011####gr | ||| |||| ||gre|| |
| 020 |
|
|
|a 9789608150614
|
| 040 |
|
|
|a GR-MyUa
|b gre
|c GR-MyUa
|e AACR2
|
| 041 |
0 |
|
|a gre
|
| 082 |
7 |
|
|a 809
|2 (23)
|
| 100 |
1 |
|
|a Βαρθαλίτης, Γιώργος.
|
| 245 |
1 |
2 |
|a Ο καθρέφτης της Ηρωδιάδος : (Κέντρωνες για τη λογοτεχνία) /
|c Γιώργου Βαρθαλίτη.
|
| 260 |
|
|
|a Αθήνα :
|b Ευθύνη,
|c 2011.
|
| 300 |
|
|
|a 205 σ. ;
|c 21 εκ.
|
| 490 |
1 |
|
|a (Αναλόγιο) ;
|v 33
|
| 650 |
|
0 |
|a Literature
|x History and criticism.
|
| 650 |
|
0 |
|a Greek literature.
|
| 830 |
|
0 |
|a Αναλόγιο
|
| 970 |
|
|
|a Σιδερή
|b Νεκταρία
|z 2023-06-08
|